| 000 | 00457nam a2200181Ia 4500 | ||
|---|---|---|---|
| 008 | 230725s1993 xx 000 0 und d | ||
| 041 | _aeng | ||
| 082 |
_a615.19 _bBEC/STE |
||
| 100 | _aBECKETT, STENLAKE | ||
| 245 | _aPRACTICAL PHARMACEUTICAL CHEMISTRY -II | ||
| 260 |
_aDELHI _bC.B.S. PUBLISHERS & DISTRUTORS _c1993 |
||
| 300 | _a552 | ||
| 365 | _h13% | ||
| 500 | _aTEXT BOOK | ||
| 501 | _aPC | ||
| 520 | _aPB | ||
| 650 | _aPHARMACEUTICAL CHEMISTRY | ||
| 999 |
_c766855 _d766855 |
||